[Event "Perlas ng Silangan, Ang Unang Sultada"]
[Site "SchemingMind.com"]
[Date "2007.12.27"]
[Round "-"]
[White "cmh0114"]
[Black "langhab"]
[Result "0-1"]
[WhiteCountry "USA"]
[BlackCountry "PHI"]
[WhiteElo "1164"]
[WhiteRD "191"]
[BlackElo "1719"]
[BlackRD "96"]
[GameID "135211"]

1. e4 c5 2. Nf3 d6 3. Nc3 Nc6 4. d4 cxd4 5. Nxd4 a6 6. Bc4 e6 7. O-O Bd7 8. Re1 b5 9. Be2 Nf6 10. Bf4 Nxd4
11. Bf3 e5 12. Be3 Nxf3+ 13. gxf3 Be7 14. f4 exf4 15. Bxf4 Bh3 16. Qf3 Bg4 17. Qd3 O-O 18. h3 Be6 19. a4 Qd7 20. f3 Nh5
21. Qe3 b4 22. Nd5 Bxd5 23. exd5 Qxh3 24. Re2 Nxf4 25. Rh2 Qg3+ 26. Kh1 Nxd5 27. Qe4 Nf6 28. Qxe7 Rfe8 29. Qc7 Rac8 30. Rg2 Re1+
0-1

[Event "Perlas ng Silangan, Ang Unang Sultada"]
[Site "SchemingMind.com"]
[Date "2007.12.27"]
[Round "-"]
[White "langhab"]
[Black "cmh0114"]
[Result "1-0"]
[WhiteCountry "PHI"]
[BlackCountry "USA"]
[WhiteElo "1719"]
[WhiteRD "96"]
[BlackElo "1164"]
[BlackRD "191"]
[GameID "135223"]

1. e4 e5 2. Nf3 Nc6 3. Bc4 Nf6 4. Ng5 Qe7 5. Bxf7+ Kd8 6. Bb3 Ke8 7. d3 g6 8. Nc3 Nd4 9. Bf7+ Kd8 10. Bc4 Ke8
11. Be3 Bh6 12. h4 Rf8 13. f4 Ng4 14. Bxd4 exd4 15. Nd5 Qg7 16. Qxg4 d6 17. Qf3 c6 18. O-O-O b5 19. Bb3 Ba6 20. Nb4 Bb7
21. g3 Rd8 22. Ne6 Qf7 23. Nxd8 Kxd8 24. Bxf7 Rxf7 25. h5 g5 26. Kb1 gxf4 27. gxf4 Bxf4 28. Rdf1 Bc8 29. Nxc6+ Ke8 30. Nxd4 b4
31. Qxf4
1-0

[Event "Perlas ng Silangan, Ang Unang Sultada"]
[Site "SchemingMind.com"]
[Date "2007.12.29"]
[Round "-"]
[White "jtrochez1"]
[Black "javilez"]
[Result "0-1"]
[WhiteCountry "HON"]
[BlackCountry "NCA"]
[WhiteElo "1556"]
[WhiteRD "53"]
[BlackElo "1730"]
[BlackRD "70"]
[GameID "135323"]

1. e4 c5 2. Nf3 d6 3. d4 cxd4 4. Nxd4 Nf6 5. Nc3 a6 6. h3 Nbd7 7. Nb3 e6 8. Be3 Be7 9. Bd3 O-O 10. O-O b5
11. Qc1 Bb7 12. Nd4 Rc8 13. Bh6 gxh6 14. Qxh6 Kh8 15. g4 Rg8 16. f3 Qb6 17. Qe3 e5 18. Nf5 Qxe3+ 19. Nxe3 b4 20. Ncd5 Nxd5
21. Nxd5 Bxd5 22. exd5 Nc5 23. b3 Nxd3 24. cxd3 Rc3 25. Rad1 Rgc8 26. Kg2 Bh4 27. g5 Bxg5 28. Kg3 Bf4+ 29. Kh4 Rc2 30. Ra1 R8c3
31. Rfd1 Rf2 32. Kg4 Rcc2 33. Kf5 Kg7 34. Rg1+ Rg2 35. h4 Be3 36. Rxg2+ Rxg2 37. Ke4 Bd4 38. Rc1 Kg6 39. Rc6 f5#
0-1

[Event "Perlas ng Silangan, Ang Unang Sultada"]
[Site "SchemingMind.com"]
[Date "2008.01.02"]
[Round "-"]
[White "marks"]
[Black "e_castle3"]
[Result "0-1"]
[WhiteCountry "PHI"]
[BlackCountry "PHI"]
[WhiteElo "1738"]
[WhiteRD "69"]
[BlackElo "1808"]
[BlackRD "76"]
[GameID "135326"]

1. e4 Nc6 2. Nf3 d5 3. exd5 Qxd5 4. Nc3 Qd8 5. Bc4 Bg4 6. d4 e6 7. Be3 Qf6 8. Ne4 Qg6 9. Bd3 f5 10. Nc3 O-O-O
11. h3 Bxf3 12. Qxf3 Nxd4 13. Bxd4 Rxd4 14. Nb5 Ra4 15. a3 a6 16. Na7+ Kb8 17. Nc6+ bxc6 18. Qxc6 Ra5 19. Bxa6 Rxa6 20. Qxa6 Qxg2
21. O-O-O Bd6 22. Rhe1 Qxf2 23. Rxe6 Nf6 24. Qb5+ Kc8 25. Rf1 Qg3 26. Qxf5 Kb8 27. Qb5+ Kc8 28. Rfe1 Qxh3 29. Kb1 Qf3 30. R1e3 Qd1+
31. Ka2 Qd5+ 32. c4 Qxb5 33. cxb5 h5 34. a4 h4 35. Rh3 Kd7 36. Ree3 g5 37. Rhf3 Rh6
0-1

[Event "Perlas ng Silangan, Ang Unang Sultada"]
[Site "SchemingMind.com"]
[Date "2007.12.29"]
[Round "-"]
[White "javilez"]
[Black "jtrochez1"]
[Result "1-0"]
[WhiteCountry "NCA"]
[BlackCountry "HON"]
[WhiteElo "1721"]
[WhiteRD "73"]
[BlackElo "1579"]
[BlackRD "50"]
[GameID "135331"]

1. d4 d5 2. c4 e6 3. Nc3 Bb4 4. Qc2 Nf6 5. Bd2 c6 6. e3 Bxc3 7. Bxc3 O-O 8. Nf3 Qc7 9. Rc1 Ne4 10. Be2 Nd7
11. O-O Qd8 12. Bb4 Re8 13. Bd3 f5 14. Nd2 c5 15. dxc5 Ndxc5 16. Nxe4 Nxe4 17. Rfd1 b6 18. f3 Nc5 19. Bxc5 bxc5 20. cxd5 g6
21. dxe6 Qb6 22. Qxc5 Bxe6 23. Qxb6 axb6 24. a3 Red8 25. Be2 h5 26. Rd4 Rxd4 27. exd4 Rc8 28. Rxc8+ Bxc8 29. Kf2 f4 30. g3 g5
31. Ke1 fxg3 32. hxg3 Kg7 33. Kd2 Kf6 34. Ke3 Ke6 35. Bc4+ Kd6 36. Ke4 h4 37. gxh4 gxh4 38. Kf4 Ke7 39. Bf1 Kd6 40. Ke3 h3
41. Kf2 Kd5 42. Kg3 Kxd4 43. Bxh3 Bxh3 44. Kxh3 Ke5 45. Kg4 Kf6 46. Kf4 Ke6 47. Kg5 Kf7 48. f4 Kg7 49. Kf5 Kf7 50. a4 Ke7
51. Kg6 Kf8 52. f5 Ke7 53. Kg7 Ke8 54. f6
1-0

[Event "Perlas ng Silangan, Ang Unang Sultada"]
[Site "SchemingMind.com"]
[Date "2008.01.02"]
[Round "-"]
[White "e_castle3"]
[Black "marks"]
[Result "1/2-1/2"]
[WhiteCountry "PHI"]
[BlackCountry "PHI"]
[WhiteElo "1812"]
[WhiteRD "78"]
[BlackElo "1762"]
[BlackRD "66"]
[GameID "135334"]

1. e4 e5 2. Nf3 d6 3. Bc4 h6 4. O-O Bg4 5. h3 Bh5 6. g4 Bg6 7. Re1 Be7 8. d4 Nd7 9. c3 a6 10. Qb3 Rb8
11. Na3 b5 12. Bf1 Ngf6 13. Bg2 Bxe4 14. Nxe5 dxe5 15. Bxe4 c5 16. dxe5 Nxe4 17. Rxe4 c4 18. Qd1 Nc5 19. Qxd8+ Rxd8 20. Re1 O-O
21. Nc2 Nd3 22. Re2 Rd5 23. f4 Rfd8 24. Nd4 Nxc1 25. Rxc1 Bc5 26. Kg2 Bxd4 27. cxd4 Rxd4 28. Rf2 Rd3 29. Rcc2 R8d4 30. Rce2 b4
31. e6 fxe6 32. Rxe6 a5 33. f5 c3 34. f6 gxf6 35. Rexf6 Rd2 36. Rf8+ Kg7 37. Rf7+= Kg6 38. Rf6+=
1/2-1/2

[Event "Perlas ng Silangan, Ang Unang Sultada"]
[Site "SchemingMind.com"]
[Date "2007.12.30"]
[Round "-"]
[White "bernadjm"]
[Black "esteves101"]
[Result "1-0"]
[WhiteCountry "ESP"]
[BlackCountry "PHI"]
[WhiteElo "2170"]
[WhiteRD "133"]
[BlackElo "1996"]
[BlackRD "68"]
[GameID "135468"]

1. e4 e5 2. Nf3 Nf6 3. Bc4 Nc6 4. d3 d5 5. exd5 Nxd5 6. O-O Bg4 7. Re1 Bc5 8. h3 Be6 9. Nbd2 f6 10. Nb3 Qd6
11. Nfd2 Bb6 12. Bb5 O-O 13. c4 Ndb4 14. c5 Bxc5 15. Ne4 Bxf2+ 16. Kxf2 Qe7 17. a3 a6 18. Ba4 b5 19. axb4 Nxb4 20. Nbc5 bxa4
21. Nxe6 Qxe6 22. Rxa4 Rab8 23. Nc5 Qd5 24. Be3 Rfd8 25. Qd2 Nxd3+ 26. Qxd3 Qxd3 27. Nxd3 Rxd3 28. b4 Kf7 29. Rb1 Rd6 30. Rc1 Rc8
31. Rca1 Rb8 32. R1a2 Ke6 33. Bc5 Rd3 34. Rxa6+ Kf5 35. Ra7 Rc8 36. Rc2 Rd7 37. b5 h5 38. Rb7 g5 39. Ba7 g4 40. hxg4+ hxg4
41. Bb8 Rd3 42. b6 c5 43. Ba7 Rcd8 44. Rg7 g3+ 45. Rxg3 Rd2+ 46. Rxd2 Rxd2+ 47. Ke3 Rd7 48. Rg8 c4 49. Rc8 Rd3+ 50. Ke2 Rb3
51. Rxc4 Ke6 52. Rc6+
1-0

[Event "Perlas ng Silangan, Ang Unang Sultada"]
[Site "SchemingMind.com"]
[Date "2007.12.29"]
[Round "-"]
[White "Konan_Kaddosh"]
[Black "Talis"]
[Result "1-0"]
[WhiteCountry "ITA"]
[BlackCountry "LTU"]
[WhiteElo "2467"]
[WhiteRD "58"]
[BlackElo "1497"]
[BlackRD "348"]
[GameID "135469"]

1. e4 e5 2. Nf3 f5 3. Nxe5 Qf6 4. d4 d6 5. Nc4 fxe4 6. Nc3 Qg6 7. f3 exf3 8. Qxf3 Nc6 9. Bd3 Qg4 10. Qe3+ Be7
11. d5 Nb4 12. O-O Nxd3 13. Qxd3 Nf6 14. Ne3 Qd7 15. Nf5 O-O 16. Bg5 Bd8 17. Rae1 Re8 18. Qg3 Rxe1 19. Qxe1 b6 20. Bxf6 Bxf6
21. Ne4 Bd8 22. Qe3 Bb7 23. Qf3 Qe8 24. Nfxd6 cxd6 25. Nxd6 Qe7 26. Nxb7
1-0

[Event "Perlas ng Silangan, Ang Unang Sultada"]
[Site "SchemingMind.com"]
[Date "2008.01.03"]
[Round "-"]
[White "Rixx"]
[Black "spoke"]
[Result "0-1"]
[WhiteCountry "PHI"]
[BlackCountry "GER"]
[WhiteElo "1654"]
[WhiteRD "85"]
[BlackElo "1833"]
[BlackRD "60"]
[GameID "135470"]

1. c4 g6 2. Nc3 Bg7 3. g3 e6 4. Bg2 Ne7 5. e4 c6 6. Nge2 d5 7. exd5 exd5 8. cxd5 cxd5 9. d4 O-O 10. O-O Nbc6
11. Bf4 a6 12. Qd2 Be6 13. h3 b5
0-1

[Event "Perlas ng Silangan, Ang Unang Sultada"]
[Site "SchemingMind.com"]
[Date "2008.01.03"]
[Round "-"]
[White "esteves101"]
[Black "bernadjm"]
[Result "0-1"]
[WhiteCountry "PHI"]
[BlackCountry "ESP"]
[WhiteElo "2013"]
[WhiteRD "63"]
[BlackElo "2061"]
[BlackRD "144"]
[GameID "135480"]

1. e4 e6 2. Nf3 d5 3. e5 c5 4. Nc3 Nc6 5. Bb5 Ne7 6. O-O a6 7. Bxc6+ Nxc6 8. Re1 d4 9. Ne4 Qd5 10. Ng3 h5
11. Ne2 Nxe5 12. Nexd4 Bd6 13. Nxe5 cxd4 14. Qf3 Qxf3 15. Nxf3 Bc5 16. b3 O-O 17. Re5 b6 18. Rxh5 Bb7 19. Rh3 Rfd8 20. d3 Rac8
21. a3 Bxf3 22. Rxf3 Bd6 23. Ra2 Rc6 24. Kf1 Rdc8 25. c4 dxc3 26. Rc2 b5 27. d4 a5 28. Rd3 b4 29. d5 exd5 30. a4 Re8
0-1

[Event "Perlas ng Silangan, Ang Unang Sultada"]
[Site "SchemingMind.com"]
[Date "2007.12.29"]
[Round "-"]
[White "Talis"]
[Black "Konan_Kaddosh"]
[Result "0-1"]
[WhiteCountry "LTU"]
[BlackCountry "ITA"]
[WhiteElo "1987"]
[WhiteRD "109"]
[BlackElo "2492"]
[BlackRD "59"]
[GameID "135481"]

1. e4 c5 2. c3 Nf6 3. e5 Nd5 4. Nf3 Nc6 5. Bc4 Nb6 6. Bb3 d5 7. exd6 Qxd6 8. O-O c4 9. Bc2 Bg4 10. Re1 Qf6
11. Be4 O-O-O 12. Qe2 e6 13. b3 Qf4 14. bxc4 Bxf3 15. Bxf3 Qxc4 16. Qxc4 Nxc4 17. d4 N6a5 18. Nd2 Ba3 19. Nb3 Bxc1 20. Raxc1 Kc7
21. Nxa5 Nxa5 22. Rb1 b6 23. Kf1 Kd6 24. Ke2 Rc8 25. Kd3 Rc7 26. Rec1 Rhc8 27. h4 Nc4 28. Re1 f5 29. g4 g6 30. gxf5 gxf5
31. Bh1 e5 32. Rb5 Ke7 33. f3= a6 34. Rb4 Kf7 35. dxe5 a5 36. Rb5 Rd7+ 37. Ke2 Rd2+ 38. Kf1 f4 39. e6+ Ke7 40. Rg5 Ne3+
41. Kg1 Rxa2 42. Rb1 a4 43. Bg2 Rxg2+ 44. Rxg2 Nxg2 45. Kxg2 a3 46. Rxb6 Ra8 47. Rb1 a2 48. Ra1 Kxe6 49. Kh3 Kd5
0-1

[Event "Perlas ng Silangan, Ang Unang Sultada"]
[Site "SchemingMind.com"]
[Date "2008.01.03"]
[Round "-"]
[White "spoke"]
[Black "Rixx"]
[Result "1-0"]
[WhiteCountry "GER"]
[BlackCountry "PHI"]
[WhiteElo "1833"]
[WhiteRD "60"]
[BlackElo "1654"]
[BlackRD "85"]
[GameID "135482"]

1. e4 e6 2. d4 d5 3. e5 c5 4. dxc5 Nc6 5. Nf3 Bxc5 6. Bd3 Qc7 7. Qe2 Nge7 8. O-O h6 9. Nc3 a6 10. a3 b5
11. b4 Ba7 12. Bb2 Bb7 13. Rae1 O-O 14. Nd1 Rac8 15. Bc1
1-0

[Event "Perlas ng Silangan, Ang Unang Sultada"]
[Site "SchemingMind.com"]
[Date "2008.03.28"]
[Round "-"]
[White "langhab"]
[Black "Konan_Kaddosh"]
[Result "0-1"]
[WhiteCountry "PHI"]
[BlackCountry "ITA"]
[WhiteElo "1714"]
[WhiteRD "98"]
[BlackElo "2496"]
[BlackRD "65"]
[GameID "147969"]

1. e4 c5 2. Nf3 Nc6 3. Bc4 d6 4. O-O Nf6 5. d3 g6 6. c3 Bg7 7. Na3 O-O 8. Nc2 Na5 9. Ne3 Nxc4 10. dxc4 Nxe4
11. Nd5 e6 12. Nf4 b6 13. Ne2 Bb7 14. Ng3 d5 15. Nxe4 dxe4
0-1

[Event "Perlas ng Silangan, Ang Unang Sultada"]
[Site "SchemingMind.com"]
[Date "2008.03.28"]
[Round "-"]
[White "Konan_Kaddosh"]
[Black "langhab"]
[Result "1-0"]
[WhiteCountry "ITA"]
[BlackCountry "PHI"]
[WhiteElo "2496"]
[WhiteRD "65"]
[BlackElo "1714"]
[BlackRD "98"]
[GameID "147978"]

1. e4 c5 2. Nf3 d6 3. d4 cxd4 4. Nxd4 Nf6 5. Nc3 g6 6. Be3 Bg7 7. f3 O-O 8. Qd2 Nc6 9. O-O-O d5 10. exd5 Nxd5
11. Nxc6 bxc6 12. Nxd5 cxd5 13. Qxd5 Qc7 14. Qc5 Qb8 15. c3 Be6 16. Bd3 Bxa2 17. Be4 Bxc3 18. bxc3 Qb3 19. Bxa8 Rxa8 20. Qb4
1-0

[Event "Perlas ng Silangan, Ang Unang Sultada"]
[Site "SchemingMind.com"]
[Date "2008.04.05"]
[Round "-"]
[White "Be0wulf"]
[Black "e_castle3"]
[Result "0-1"]
[WhiteCountry "PHI"]
[BlackCountry "PHI"]
[WhiteElo "1459"]
[WhiteRD "76"]
[BlackElo "1774"]
[BlackRD "75"]
[GameID "148924"]

1. e4 Nc6 2. Nf3 d5 3. exd5 Qxd5 4. Nc3 Qd8 5. d4 Bg4 6. Be2 e6 7. O-O Nf6 8. Bf4 Bd6 9. Bg5 h6 10. Bh4 Qe7
11. d5 Bxf3 12. Bxf3 Ne5 13. dxe6 Qxe6
0-1

[Event "Perlas ng Silangan, Ang Unang Sultada"]
[Site "SchemingMind.com"]
[Date "2008.04.05"]
[Round "-"]
[White "e_castle3"]
[Black "Be0wulf"]
[Result "1-0"]
[WhiteCountry "PHI"]
[BlackCountry "PHI"]
[WhiteElo "1774"]
[WhiteRD "75"]
[BlackElo "1459"]
[BlackRD "76"]
[GameID "148934"]

1. d4 d5 2. c4 c6 3. Nf3 Nf6 4. Nc3 e6 5. Bf4 Bd6 6. Bg3 dxc4 7. e4 Bxg3 8. hxg3 Qa5 9. Qc2 b5 10. Nd2 Qb6
11. Nf3 Qa5 12. O-O-O h6 13. Kb1 Na6 14. Ne5
1-0

[Event "Perlas ng Silangan, Ang Unang Sultada"]
[Site "SchemingMind.com"]
[Date "2008.05.22"]
[Round "-"]
[White "Konan_Kaddosh"]
[Black "Clive Everill"]
[Result "1-0"]
[WhiteCountry "ITA"]
[BlackCountry "CZE"]
[WhiteElo "2496"]
[WhiteRD "65"]
[BlackElo "1684"]
[BlackRD "50"]
[GameID "155988"]

1. e4 e5 2. Nf3 Nc6 3. d4 exd4 4. Nxd4 Bc5 5. Be3 Qf6 6. c3 Nge7 7. Bc4 Ne5 8. Be2 Qg6 9. O-O O-O 10. Nd2 d5
11. Bh5 Qb6 12. b4 Bxd4 13. Bxd4 Qd6 14. Bc5 Qe6 15. exd5 Nxd5 16. Bxf8 Kxf8 17. Re1 Nxc3 18. Qc2 Nd5 19. Qc5+ Qd6 20. Rxe5 Qxc5
21. bxc5 c6 22. Nc4 Be6 23. Na5 Nc3 24. Nxb7 Nxa2 25. Rxe6
1-0

[Event "Perlas ng Silangan, Ang Unang Sultada"]
[Site "SchemingMind.com"]
[Date "2008.05.22"]
[Round "-"]
[White "Clive Everill"]
[Black "Konan_Kaddosh"]
[Result "0-1"]
[WhiteCountry "CZE"]
[BlackCountry "ITA"]
[WhiteElo "1684"]
[WhiteRD "50"]
[BlackElo "2496"]
[BlackRD "65"]
[GameID "155993"]

1. Nf3 Nf6 2. g3 d5 3. d4 g6 4. Bg2 Bg7 5. O-O O-O 6. c4 c6 7. cxd5 cxd5 8. Nc3 Nc6 9. Re1 Be6 10. e4 dxe4
11. Nxe4 Nxe4 12. Rxe4 Qb6 13. b3 Bd5 14. Rh4 Bxf3 15. Bxf3 Bxd4 16. Rxd4 Nxd4 17. Bg2 Rfd8 18. Be3 Rac8 19. Qg4 Rc7 20. Rd1 h5
21. Rxd4 Rc1+ 22. Bxc1 hxg4 23. Rxd8+ Qxd8 24. Be3 Qd1+ 25. Bf1 b6 26. Kg2 Qc2 27. Bc4 Qxa2 28. Bg5 e6
0-1

[Event "Perlas ng Silangan, Ang Unang Sultada"]
[Site "SchemingMind.com"]
[Date "2008.06.13"]
[Round "-"]
[White "spoke"]
[Black "bernadjm"]
[Result "0-1"]
[WhiteCountry "GER"]
[BlackCountry "ESP"]
[WhiteElo "1808"]
[WhiteRD "62"]
[BlackElo "2210"]
[BlackRD "129"]
[GameID "157781"]

1. e4 e6 2. d4 d5 3. Nc3 dxe4 4. Nxe4 Nd7 5. Nf3 Ngf6 6. Nxf6+ Nxf6 7. Bd3 c5 8. O-O cxd4 9. Nxd4 Bc5 10. Be3 Bb6
11. c3 e5 12. Nc2 O-O 13. Bg5 h6 14. Bh4 e4 15. Bc4 Qc7 16. Be2 Rd8 17. Qe1 Qf4 18. Bxf6 Bc7 19. g3 Qxf6 20. f3 Bb6+
21. Nd4 Bh3
0-1

[Event "Perlas ng Silangan, Ang Unang Sultada"]
[Site "SchemingMind.com"]
[Date "2008.06.13"]
[Round "-"]
[White "bernadjm"]
[Black "spoke"]
[Result "1-0"]
[WhiteCountry "ESP"]
[BlackCountry "GER"]
[WhiteElo "2199"]
[WhiteRD "124"]
[BlackElo "1788"]
[BlackRD "63"]
[GameID "157784"]

1. e4 e5 2. Nf3 Nc6 3. Bb5 a6 4. Bxc6 dxc6 5. O-O f6 6. d4 exd4 7. Nxd4 c5 8. Ne2 Qxd1 9. Rxd1 Bd6 10. Bf4 Be6
11. Nbc3 O-O-O 12. Rd2 Ne7 13. Rad1 Bxf4 14. Nxf4 Bf7 15. f3 Rxd2 16. Rxd2 Rd8 17. Rxd8+ Kxd8 18. Kf2 Kd7 19. a3 c6 20. Na4 Kd6
21. Nd3 c4 22. Ndc5 b5 23. Nb7+ Kc7 24. Nac5 Kb6 25. Ke3 h5 26. Kd4 g5 27. Nd8 Bg8 28. Nde6 Bxe6 29. Nxe6 Ng6 30. Ng7 h4
31. Ne8 Nf4 32. Nxf6 Nxg2 33. e5 Kc7 34. Nh7 Ne1 35. Nxg5 Nxc2+ 36. Ke4 Kd7 37. f4 a5 38. f5 b4 39. e6+ Ke7 40. Ke5 bxa3
41. f6+ Ke8 42. f7+ Ke7 43. Nh7
1-0

[Event "Perlas ng Silangan, Ang Unang Sultada"]
[Site "SchemingMind.com"]
[Date "2008.09.22"]
[Round "-"]
[White "bernadjm"]
[Black "e_castle3"]
[Result "1-0"]
[WhiteCountry "ESP"]
[BlackCountry "PHI"]
[WhiteElo "2211"]
[WhiteRD "128"]
[BlackElo "1766"]
[BlackRD "77"]
[GameID "171904"]

1. e4 c6 2. d4 d5 3. Nc3 dxe4 4. Nxe4 Bf5 5. Ng3 Bg6 6. h4 h6 7. Nf3 Nd7 8. h5 Bh7 9. Bf4 Ngf6 10. Bd3 Bxd3
11. Qxd3 e6 12. O-O-O Nd5 13. Bd2 Bd6 14. Ne4 Bc7 15. Rhe1 N7f6 16. Nc5 b6 17. Nxe6 fxe6 18. Rxe6+ Kf8 19. Ne5 Bxe5 20. dxe5 Ne8
21. Rxc6 Ne7 22. Qf3+ Kg8 23. Bc3 Qxd1+ 24. Qxd1 Nxc6 25. Qd5+ Kf8 26. Qf3+ Ke7 27. Qxc6 Rd8 28. Bb4+
1-0

[Event "Perlas ng Silangan, Ang Unang Sultada"]
[Site "SchemingMind.com"]
[Date "2008.09.22"]
[Round "-"]
[White "e_castle3"]
[Black "bernadjm"]
[Result "0-1"]
[WhiteCountry "PHI"]
[BlackCountry "ESP"]
[WhiteElo "1760"]
[WhiteRD "77"]
[BlackElo "2218"]
[BlackRD "130"]
[GameID "171911"]

1. e4 e6 2. d4 d5 3. exd5 exd5 4. Nf3 Bd6 5. Be2 Nf6 6. O-O O-O 7. Bg5 Bg4 8. h3 Bh5 9. Nc3 c6 10. Re1 Nbd7
11. Ne5 Bxe2 12. Rxe2 Qc7 13. Nxd7 Nxd7 14. Qd2 f6 15. Bh4 g5 16. Bg3 Bxg3 17. fxg3 Qxg3 18. Re7 Qd6 19. Rae1 Rf7 20. R1e6 Qxe7
21. Rxe7 Rxe7 22. Qf2 Rae8 23. Qf5 Kg7 24. Kf2 Nb6 25. b3 Nc8 26. Nd1 Nd6 27. Qg4 Re2+ 28. Qxe2 Rxe2+ 29. Kxe2 f5 30. Nf2 Kf6
31. Kd3 Ne4 32. Nd1 f4 33. c4 Kf5 34. cxd5 cxd5 35. a4 h5 36. b4 g4 37. hxg4+ Kxg4 38. b5 Kg3
0-1

[Event "Perlas ng Silangan, Ang Unang Sultada"]
[Site "SchemingMind.com"]
[Date "2008.12.28"]
[Round "-"]
[White "bernadjm"]
[Black "Konan_Kaddosh"]
[Result "1/2-1/2"]
[WhiteCountry "ESP"]
[BlackCountry "ITA"]
[WhiteElo "2254"]
[WhiteRD "132"]
[BlackElo "2602"]
[BlackRD "70"]
[GameID "184984"]

1. e4 c5 2. Nf3 Nc6 3. Bb5 g6 4. O-O Bg7 5. Re1 Nf6 6. Nc3 O-O 7. e5 Ne8 8. d3 Nd4 9. Be3 Nxf3+ 10. Qxf3 Bxe5
11. Bxc5 Bxh2+ 12. Kxh2 Qc7+ 13. Kg1 Qxc5 14. d4 Qd6 15. Rad1 a6 16. Ba4 Nf6 17. Bb3 Rb8 18. Ne4 Nxe4 19. Qxe4 e6 20. d5 e5
21. Qxe5 Qxe5 22. Rxe5 d6 23. Re7 Bf5 24. Rde1 Rfc8 25. c3 Kf8 26. Kh2 h5 27. f4 Re8 28. Rxe8+ Rxe8 29. Rxe8+= Kxe8 30. Kg3 Ke7
31. Kf3 f6 32. g3 g5 33. Ke3 Kf7 34. Bd1 Kg6 35. b4 h4 36. gxh4 gxh4 37. a4 h3 38. a5 Bb1 39. Kf2= Kf5 40. Kg3 Ke4
41. Bg4 h2 42. Kxh2 f5 43. Bh3 Kxf4 44. c4 Ke5 45. Bf1 Ba2 46. Kg3 f4+ 47. Kf3 Kd4 48. c5 Bxd5+ 49. Kxf4 dxc5 50. bxc5 Kxc5
51. Ke3 Kb4 52. Bxa6=
1/2-1/2

[Event "Perlas ng Silangan, Ang Unang Sultada"]
[Site "SchemingMind.com"]
[Date "2008.12.27"]
[Round "-"]
[White "Konan_Kaddosh"]
[Black "bernadjm"]
[Result "1-0"]
[WhiteCountry "ITA"]
[BlackCountry "ESP"]
[WhiteElo "2602"]
[WhiteRD "70"]
[BlackElo "2254"]
[BlackRD "132"]
[GameID "184990"]

1. e4 e6 2. d4 d5 3. Nc3 dxe4 4. Nxe4 Nd7 5. Bd3 Ngf6 6. Nf3 c5 7. O-O Nxe4 8. Bxe4 Nf6 9. Bd3 cxd4 10. Nxd4 a6
11. Bf4 Bd6 12. Qd2 Bxf4 13. Qxf4 Bd7 14. Rad1 O-O 15. Rfe1 Rc8 16. Nf3 Qc7 17. Qxc7 Rxc7 18. c3 Rd8 19. Ne5 Kf8 20. Bb1 Ke7
21. f3 Bc6 22. Rxd8 Kxd8 23. Kf2 Ke7 24. c4 Be8 25. Rc1 h6 26. g3 Nd7 27. Nxd7 Rxd7 28. Ke3 e5 29. Be4 Rc7 30. b4 Bd7
31. a3 Bc6 32. Bxc6 Rxc6= 33. c5 Ke6 34. Kd3 f5 35. Rd1 Kf6 36. Kc3 Re6 37. a4 b6 38. b5 bxc5 39. Rb1 axb5 40. axb5 Re8
41. b6 Ke6 42. b7 Rb8 43. Kc4 Kd7 44. Kxc5 Kc7 45. Kd5
1-0